000 00640nam a22002297a 4500
003 UA-OsUOA
001 99211
007 ta
008 20130425b un ||||| |||| 00| 0 ukr d
100 _aСлокам Дж.
090 _a821.111
_bС48
942 _cBK
040 _aUA-OsUOA
_brus
_cUA-OsUOA
_dUA-OsUOA
245 _aОдин под парусами вокруг света
300 _a191 с.
955 _a3
041 _arus
080 _a821.111
260 _aМ.
_bГеографическая литература
_c1960
650 7 _a82 Література. Літературознавство
_2UDC
999 _c385328
_d385328